ბათუმის შოთა რუსთაველის სახელმწიფო უნივერსიტეტის ბიბლიოთეკა

Неорганическая химия Т.1 : (ბიბ.ჩანაწერი № 41256)

000 -LEADER
fixed length control field 00672nam a2200217Ia 4500
001 - CONTROL NUMBER
control field 7909
003 - CONTROL NUMBER IDENTIFIER
control field GE_BSU
005 - DATE AND TIME OF LATEST TRANSACTION
control field 20220930121019.0
008 - FIXED-LENGTH DATA ELEMENTS--GENERAL INFORMATION
fixed length control field 181216sru 2009xx |||||||||||||| ||rus||
020 ## - INTERNATIONAL STANDARD BOOK NUMBER
International Standard Book Number 9785030036281
040 ## - CATALOGING SOURCE
Transcribing agency GE_BSU
041 ## - LANGUAGE CODE
Language code of text/sound track or separate title rus
080 ## - UNIVERSAL DECIMAL CLASSIFICATION NUMBER
Universal Decimal Classification number 546(075.8) Ш-85
100 ## - MAIN ENTRY--PERSONAL NAME
Personal name Шрайвер,Д.
9 (RLIN) 14918
245 ## - TITLE STATEMENT
Title Неорганическая химия Т.1 :
Remainder of title В двух томах /
Statement of responsibility, etc. Д. Шрайвер
264 ## - PRODUCTION, PUBLICATION, DISTRIBUTION, MANUFACTURE, AND COPYRIGHT NOTICE
Place of production, publication, distribution, manufacture Москва :
Name of producer, publisher, distributor, manufacturer Мир,
Date of production, publication, distribution, manufacture, or copyright notice 2009.
300 ## - PHYSICAL DESCRIPTION
Extent 679 стр.
Other physical details илл;
Dimensions 24 см.
653 ## - INDEX TERM--UNCONTROLLED
keyword Неорганическая химия
653 ## - INDEX TERM--UNCONTROLLED
keyword არაორგანული ქიმია
942 ## - ADDED ENTRY ELEMENTS (KOHA)
Koha item type წიგნი
Source of classification or shelving scheme
ეგზემპლარები
Withdrawn status Lost status Source of classification or shelving scheme Damaged status Not for loan Permanent Location Current Location Shelving location Date acquired Cost, normal purchase price Full call number Barcode Date last seen Copy number Price effective from Koha item type Public note
          ბათუმის შოთა რუსთაველის სახელმწიფო უნივერსიტეტის მთავარი ბიბლიოთეკა ბათუმის შოთა რუსთაველის სახელმწიფო უნივერსიტეტის მთავარი ბიბლიოთეკა წიგნსაცავი 2018-12-17 70.00 546(075.8) Ш-85 24380 2018-12-17 24380 2018-12-17 წიგნი 70.00
          ბათუმის შოთა რუსთაველის სახელმწიფო უნივერსიტეტის მთავარი ბიბლიოთეკა ბათუმის შოთა რუსთაველის სახელმწიფო უნივერსიტეტის მთავარი ბიბლიოთეკა წიგნსაცავი 2018-12-17 70.00 546(075.8) Ш-85 24381 2018-12-17 24381 2018-12-17 წიგნი 70.00